000 01724nkc a2200289za 4500
001 84539
003 OSt
005 20260423154907.0
007 kh boc
008 250410s1909 sp ||||| ||||||0| i|spa d
040 _cM-RABA
245 0 3 _aEl desembarco de Colón en la isla del Salvador
_h[Material gráfico]
_c/ Manuel Álvarez
260 _b[Hauser y Menet]
_c, [ca. 1909]
300 _a1 fotografía
_b: gelatina de plata
_c; imagen 20 x 12 cm
_c; soporte secundario 30 x 24 cm
500 _aFotografía del relieve "Desembarco de Colón en las Indias, en la isla de Salvador" de Manuel Álvarez, obteniendo el segundo premio en 1753 de la Academia. Se conserva en el Museo de la Real Academia de Bellas Artes de San Fernando con nº de invnetario E-145.
500 _aMontada sobre un soporte secundario de cartón, con texto manuscrito a lápiz en la parte inferior al recto: "El desembarco de Colón en la isla del Salvador por D. Manuel Álvarez (Premiado). 1753-1ª clase". En el verso nota manuscrita a lápiz rojo: " 1 1753-1ª clase / Manuel Alvarez"
500 _aFecha probable de la realización de la fotografía realizada por Hauser y Menet.
544 _aArchivo de la Real Academia de Bellas Artes de San Fernando (Le-4-29-1)
600 1 0 _aÁlvarez, Manuel
_d1727-1797
_9111679
610 2 4 _aReal Academia de Bellas Artes de San Fernando.
_975832
651 7 _aMadrid
_2embne
_975182
655 7 _aFotografías de obras de arte
_975675
710 2 _aHauser y Menet (Madrid)
_950978
852 _jFot-596
856 _3Fot-596
_uhttps://archivoybiblioteca.realacademiabellasartessanfernando.com/cgi-bin/koha/opac-retrieve-file.pl?id=141ef123064c9fca2defdfba08ffae1f
942 _2ddc
_cFOTOGRAFÍA
_n0
999 _c84539
_d84539